| 000 | 00577nam a2200181Ia 4500 | ||
|---|---|---|---|
| 003 | GCL | ||
| 008 | 140319s9999 xx 000 0 ara d | ||
| 040 |
_aGCL / _cGCL |
||
| 082 | 0 | 4 |
_a213 _bا خ |
| 100 | 1 | _aاحمد محمد جمال | |
| 245 | 1 | 0 |
_aخطوات على طريق الدعوة / _cاحمد محمد جمال |
| 260 |
_aالرياض : _bرابطة العالم الاسلامى ، _c1993 |
||
| 300 |
_a130 ص ؛ _c20 سم |
||
| 650 | 0 | 4 | _aالاسلام - دعوة |
| 650 | 0 | 4 | _aالفقه الاسلامى |
| 650 | 0 | 4 | _aالقران، علوم |
| 942 |
_2ddc _cBK |
||
| 999 |
_c6920 _d6920 |
||